Countries With the Most Italians - Statistics

General Stats
  • This quiz has been taken 131 times
  • The average score is 12 of 15
Answer Stats
Hint Answer % Correct
55.551.000 Italy
100%
17.300.000 United States
99%
33.000.000 Brazil
96%
1.587.000 Canada
95%
5.422.000 France
95%
25.000.000 Argentina
94%
969.000 Germany
94%
300.000 Chile
86%
1.000.000 Australia
84%
2.000.000 Colombia
83%
500.000 Peru
81%
10.000.000 Venezuela
76%
1.055.000 Uruguay
74%
451.000 Belgium
46%
381.000 Costa Rica
21%
No matching quizzes found
Score Distribution
Percent of People with Each Score
Percentile by Number Answered
Your Score History
You have not taken this quiz